| 000 | 01405nam a2200481 c 4500 | ||
|---|---|---|---|
| 005 | 20251106192405.0 | ||
| 008 | 151130s2015 sp a | |||| 001 0 spa | ||
| 020 | _a9788416004843 | ||
| 041 | 1 | _aESP | |
| 082 | _a616.31 D361p2 | ||
| 100 | 1 |
_aDeLong, Leslie _98096 |
|
| 100 | 1 |
_aBurkharat, Nancy W. _98097 |
|
| 245 | 1 | 0 | _aPatología oral y general en odontología |
| 250 | _a2ª edición | ||
| 260 | _aEspaña | ||
| 260 | _bWolters Kluwer Health | ||
| 260 | _c2015 | ||
| 300 | _a 686 páginas | ||
| 300 | _bIlustraciones a color | ||
| 490 | _aMecánica Dental | ||
| 650 | _aENFERMEDADES DE LA BOCA | ||
| 650 | _aENFERMEDADES DENTALES | ||
| 650 | _aPATOLOGÍA ORAL | ||
| 650 | _aODONTOLOGÍA | ||
| 650 | _aNEOPLASIA | ||
| 650 | _aTRASTORNOS ENDOCRINOS | ||
| 650 | _aTRASORNOS CARDIOVASCULARES | ||
| 650 | _aTRASTORNOS HEMATOLÓGICOS | ||
| 650 | _aTRASTORNOS RESPIRATORIOS | ||
| 650 | _aTRASTORNOS GASTROINTESTINALES | ||
| 650 | _aTRASTORNOS NEUROLÓGICOS | ||
| 650 | _aTRASTORNOS ESQUELÉTICOS | ||
| 650 | _aÚLCERAS BUCALES | ||
| 650 | _aLESIONES ERITEMATOSAS ORALES | ||
| 650 | _aLESIONES VIOLÁCEAS ORALES | ||
| 650 | _aLESIONES BLANQUECINAS ORALES | ||
| 650 | _aLESIONES ORALES PIGMENTADAS | ||
| 650 | _aLESIONES RADIOPACAS ORALES | ||
| 650 | _aLESIONES RADIOLUCENTES ORALES | ||
| 650 | _aVIH-SIDA | ||
| 650 | _aLESIONES CUTÁNEAS | ||
| 942 |
_cBK _2ddc |
||
| 999 |
_c7967 _d7967 |
||